Statistiques concernant Mots de la langue française terminés par "tain"

Cliquez ici pour prendre le quiz!

Statistiques générales

  • Ce quiz a été pris 198 fois
  • Le résultat moyen est 7 sur 15

Statistiques - réponses

IndiceMot% Correct
sûrcertain
98%
prostituée (familier)putain
90%
à grande distancelointain
86%
dédaigneuxhautain
78%
Snétain
73%
bananeplantain
66%
aléatoireincertain
60%
d'une grande villemetropolitain
39%
couleurchâtain
38%
adhère au verretain
33%
rigoristepuritain
31%
bedeausacristain
21%
habitant de FontainebleauBellifontain
18%
juifsamaritain
4%
tissu très luxueuxtrentain
0%

Distribution des résultats

Percentile par nombre de réponses

% des personnes avec chaque résultat

Votre développement - résultats

Vous n’avez pas pris ce quiz